Agricultural Extension : innovations and dimension / (Record no. 50041)
[ view plain ]
| 000 -LEADER | |
|---|---|
| fixed length control field | 00650nam a22002057a 4500 |
| 003 - CONTROL NUMBER IDENTIFIER | |
| control field | OSt |
| 008 - FIXED-LENGTH DATA ELEMENTS--GENERAL INFORMATION | |
| fixed length control field | 260408b |||||||| |||| 00| 0 eng d |
| 020 ## - INTERNATIONAL STANDARD BOOK NUMBER | |
| International Standard Book Number | 9789381226193 |
| 082 ## - DEWEY DECIMAL CLASSIFICATION NUMBER | |
| Classification number | 630.717 |
| Item number | K96A |
| 100 ## - MAIN ENTRY--PERSONAL NAME | |
| Personal name | Kumar, Dileep. |
| 245 ## - TITLE STATEMENT | |
| Title | Agricultural Extension : innovations and dimension / |
| Statement of responsibility, etc. | by Dileep Kumar and Khajan Singh |
| 260 ## - PUBLICATION, DISTRIBUTION, ETC. (IMPRINT) | |
| Place of publication, distribution, etc | .- Delhi |
| Name of publisher, distributor, etc | : Satish Serial Publishing House |
| Date of publication, distribution, etc | , 2020 |
| 300 ## - PHYSICAL DESCRIPTION | |
| Extent | xv,650p. |
| 650 ## - SUBJECT ADDED ENTRY--TOPICAL TERM | |
| Topical term or geographic name as entry element | Technology (Applied Sciences) |
| 650 ## - SUBJECT ADDED ENTRY--TOPICAL TERM | |
| Topical term or geographic name as entry element | Agriculture and Related Technologies |
| 650 ## - SUBJECT ADDED ENTRY--TOPICAL TERM | |
| Topical term or geographic name as entry element | Agricultural Extension Work |
| 650 ## - SUBJECT ADDED ENTRY--TOPICAL TERM | |
| Topical term or geographic name as entry element | Agricultural Innovations |
| 700 ## - ADDED ENTRY--PERSONAL NAME | |
| Personal name | Singh, Khajan. |
| 942 ## - ADDED ENTRY ELEMENTS (KOHA) | |
| Source of classification or shelving scheme | |
| Koha item type | Books |
| Withdrawn status | Lost status | Source of classification or shelving scheme | Damaged status | Not for loan | Home library | Current library | Date acquired | Source of acquisition | Cost, normal purchase price | Total Checkouts | Full call number | Barcode | Date last seen | Bill Date | Koha item type | Bill Number |
|---|---|---|---|---|---|---|---|---|---|---|---|---|---|---|---|---|
| Dr. Rajendra Prasad Central Agricultural University Pusa, | Dr. Rajendra Prasad Central Agricultural University Pusa, | 08/04/2026 | IBPS, Delhi | 3350.00 | 630.717 K96A | 87002 | 08/04/2026 | 28/01/2026 | Books | IBPS/021/2025-26 |